000 00387nam a2200133Ia 4500
008 100204s9999 xx 000 0 und d
082 _b15656
100 _aसावंत हेमंत
245 _aडबल फेस
260 _b"पुजा प्रकाशन , मुंबई"
630 _aडबल फेस
730 _aडबल फेस
942 _cBOOK
999 _c460079
_d460076